| 000 | 00708nam a22002057a 4500 | ||
|---|---|---|---|
| 999 |
_c159404 _d159404 |
||
| 005 | 20181217112728.0 | ||
| 010 | _aENG-124546 | ||
| 020 |
_c395.00 _a9789352808656 |
||
| 035 | _aEN-108078 | ||
| 037 | _bDBAD/PUB. | ||
| 082 | _a658.406 | ||
| 100 | _aVieira, Walter | ||
| 245 |
_aThe 5 GS of family business / _cby Walter Vieira [and] Mita Dixit |
||
| 260 |
_aNew Delhi _bSage Publications India Pvt. Ltd. _c2019 |
||
| 270 |
_aB1/I-1, Mohan Cooperative Industrial Area Mathura Road Post Bag 7 _bNew Delhi _e110044 |
||
| 300 |
_axiii,205p. _c21cm.(pbk) _bill.picture |
||
| 500 | _aIt includes references and about the author | ||
| 700 | _a Dixit, Mita | ||
| 942 |
_2ddc _cEN _mVIE _h658.406 |
||